| 000 | 01775nam0a2200313 4500 | ||
|---|---|---|---|
| 001 | RU\NLR\BIBL_A\022052129 | ||
| 005 | 20231113084010.0 | ||
| 021 |
_aRU _bКН-П-23-058696 _9КН-П-23-5931 |
||
| 035 | _a(NLR Aleph) 022052129 | ||
| 090 |
_a12601010 _c12601010 |
||
| 100 | _a20231017d2020 u y0rusy50 ca | ||
| 101 | 0 | _arus | |
| 102 | _aRU | ||
| 105 | _ay z 000ay | ||
| 181 | 0 |
_ai _baxxe |
|
| 182 | 0 | _an | |
| 200 | 1 |
_aДай пройти там, где выхода нет _eроман, повести, рассказы _fГалина Коваль |
|
| 203 |
_aТекст _bвизуальный _cнепосредственный |
||
| 210 |
_aВолгоград _cГосударственное казенное учреждение Волгоградской области "Центр информационного и материально-технического обеспечения" _d2020 (печ. 2023) |
||
| 215 |
_a613, [2] с. _d22 |
||
| 300 | _aКн. изд. за счет обл. бюджета по плану книгоизд. Комитета культуры Волгогр. обл. | ||
| 327 | 1 | _aСодерж.: Хорошие дурочки: роман; Совесть бессовестная: трилогия; повести: Дай пройти там, где выхода нет; Кто-то кому-то; Кошачья мама; рассказы: Как всегда...; Старик и его тень; Свет Божий: сказка-мультик о девочке в темноте | |
| 686 | 2 | _aШ6(2=Р)8-44 | |
| 700 | 1 |
_aКоваль _bГ. А. _gГалина Антоновна |
|
| 942 | _cBOOK | ||
| 980 | _aNB | ||